| 000 | 01522nam a2200361Ia 4500 | ||
|---|---|---|---|
| 001 | ebr10539030 | ||
| 003 | CaPaEBR | ||
| 006 | m u | ||
| 007 | cr cn||||||||| | ||
| 008 | 111101s2012 nyu sb 001 0 eng d | ||
| 010 | _z 2011042866 | ||
| 020 | _z082324234X | ||
| 020 | _z9780823242344 | ||
| 040 |
_aCaPaEBR _cCaPaEBR |
||
| 035 | _a(OCoLC)808367423 | ||
| 050 | 1 | 4 |
_aPS217.S44 _bC67 2012eb |
| 100 | 1 | _aCorrigan, John Michael. | |
| 245 | 1 | 0 |
_aAmerican metempsychosis _h[electronic resource] : _bEmerson, Whitman, and the new poetry / _cJohn Michael Corrigan. |
| 250 | _a1st ed. | ||
| 260 |
_aNew York : _bFordham University Press, _c2012. |
||
| 300 | _aviii, 248 p. | ||
| 504 | _aIncludes bibliographical references and index. | ||
| 533 |
_aElectronic reproduction. _bPalo Alto, Calif. : _cebrary, _d2011. _nAvailable via World Wide Web. _nAccess may be limited to ebrary affiliated libraries. |
||
| 600 | 1 | 0 |
_aEmerson, Ralph Waldo, _d1803-1882 _xCriticism and interpretation. |
| 600 | 1 | 0 |
_aWhitman, Walt, _d1819-1892 _xCriticism and interpretation. |
| 650 | 0 |
_aAmerican literature _y19th century _xHistory and criticism. |
|
| 650 | 0 | _aNational characteristics, American, in literature. | |
| 650 | 0 | _aSelf-consciousness (Awareness) in literature. | |
| 650 | 0 | _aTransmigration in literature. | |
| 655 | 7 |
_aElectronic books. _2local |
|
| 710 | 2 | _aebrary, Inc. | |
| 856 | 4 | 0 |
_uhttp://site.ebrary.com/lib/rucke/Doc?id=10539030 _zAn electronic book accessible through the World Wide Web; click to view |
| 999 |
_c135154 _d135154 |
||